<?xml version="1.0" encoding="UTF-8"?>
<collection xmlns="http://www.loc.gov/MARC21/slim">
 <record>
  <leader>01766naa a2200349   4500</leader>
  <controlfield tag="001">1809077370</controlfield>
  <controlfield tag="003">DE-627</controlfield>
  <controlfield tag="005">20220704143018.0</controlfield>
  <controlfield tag="007">cr uuu---uuuuu</controlfield>
  <controlfield tag="008">220704s2018    xx |||||oo    00| ||ita c</controlfield>
  <datafield tag="035" ind1=" " ind2=" ">
   <subfield code="a">(DE-627)1809077370</subfield>
  </datafield>
  <datafield tag="035" ind1=" " ind2=" ">
   <subfield code="a">(DE-599)KXP1809077370</subfield>
  </datafield>
  <datafield tag="040" ind1=" " ind2=" ">
   <subfield code="a">DE-627</subfield>
   <subfield code="b">ger</subfield>
   <subfield code="c">DE-627</subfield>
   <subfield code="e">rda</subfield>
  </datafield>
  <datafield tag="041" ind1=" " ind2=" ">
   <subfield code="a">ita</subfield>
  </datafield>
  <datafield tag="084" ind1=" " ind2=" ">
   <subfield code="a">Kunst</subfield>
   <subfield code="q">DE-16</subfield>
   <subfield code="2">fid</subfield>
  </datafield>
  <datafield tag="100" ind1="1" ind2=" ">
   <subfield code="a">Lovergne, Edwige</subfield>
   <subfield code="e">VerfasserIn</subfield>
   <subfield code="4">aut</subfield>
  </datafield>
  <datafield tag="245" ind1="1" ind2="0">
   <subfield code="a">[Rezension von: Katharina Waldner (Hrsg.), Burial rituals, ideas of afterlife, and the individual in the Hellenistic world and the Roman Empire]</subfield>
   <subfield code="c">Rezension von Edwige Lovergne</subfield>
  </datafield>
  <datafield tag="264" ind1=" " ind2="1">
   <subfield code="c">2018-09-21</subfield>
  </datafield>
  <datafield tag="300" ind1=" " ind2=" ">
   <subfield code="b">Illustrationen</subfield>
  </datafield>
  <datafield tag="336" ind1=" " ind2=" ">
   <subfield code="a">Text</subfield>
   <subfield code="b">txt</subfield>
   <subfield code="2">rdacontent</subfield>
  </datafield>
  <datafield tag="337" ind1=" " ind2=" ">
   <subfield code="a">Computermedien</subfield>
   <subfield code="b">c</subfield>
   <subfield code="2">rdamedia</subfield>
  </datafield>
  <datafield tag="338" ind1=" " ind2=" ">
   <subfield code="a">Online-Ressource</subfield>
   <subfield code="b">cr</subfield>
   <subfield code="2">rdacarrier</subfield>
  </datafield>
  <datafield tag="655" ind1=" " ind2="7">
   <subfield code="a">Rezension</subfield>
   <subfield code="0">(DE-588)4049712-4</subfield>
   <subfield code="0">(DE-627)106186019</subfield>
   <subfield code="0">(DE-576)209083166</subfield>
   <subfield code="2">gnd-content</subfield>
  </datafield>
  <datafield tag="773" ind1="0" ind2="8">
   <subfield code="i">Enthalten in</subfield>
   <subfield code="t">Histara</subfield>
   <subfield code="d">[S.l.] : [s.n.], 2007</subfield>
   <subfield code="g">(2018) vom: 21. Sept.</subfield>
   <subfield code="h">Online-Ressource</subfield>
   <subfield code="w">(DE-627)559842473</subfield>
   <subfield code="w">(DE-600)2414889-1</subfield>
   <subfield code="w">(DE-576)28138259X</subfield>
   <subfield code="7">nnns</subfield>
  </datafield>
  <datafield tag="773" ind1="1" ind2="8">
   <subfield code="g">year:2018</subfield>
   <subfield code="g">day:21</subfield>
   <subfield code="g">month:09</subfield>
  </datafield>
  <datafield tag="787" ind1="0" ind2="8">
   <subfield code="i">Rezension von</subfield>
   <subfield code="a">Burial Rituals, Ideas of Afterlife, and the Individual in the Hellenistic World and the Roman Empire (Veranstaltung : 2012 : Erfurt)</subfield>
   <subfield code="t">Burial rituals, ideas of afterlife, and the individual in the hellenistic world and the Roman empire</subfield>
   <subfield code="d">Stuttgart : Franz Steiner Verlag, 2016</subfield>
   <subfield code="h">264 Seiten</subfield>
   <subfield code="w">(DE-627)870536702</subfield>
   <subfield code="w">(DE-576)479606781</subfield>
   <subfield code="z">3515115463</subfield>
   <subfield code="z">9783515115469</subfield>
  </datafield>
  <datafield tag="856" ind1="4" ind2="0">
   <subfield code="u">http://histara.sorbonne.fr/cr.php?cr=3117</subfield>
   <subfield code="x">Verlag</subfield>
   <subfield code="z">kostenfrei</subfield>
   <subfield code="3">Volltext</subfield>
  </datafield>
  <datafield tag="936" ind1="u" ind2="w">
   <subfield code="j">2018</subfield>
   <subfield code="b">21</subfield>
   <subfield code="c">9</subfield>
  </datafield>
  <datafield tag="951" ind1=" " ind2=" ">
   <subfield code="a">AR</subfield>
  </datafield>
  <datafield tag="994" ind1=" " ind2=" ">
   <subfield code="u">http://histara.sorbonne.fr/cr.php?cr=3117</subfield>
  </datafield>
  <datafield tag="991" ind1=" " ind2=" ">
   <subfield code="a">Rezension (Monographie, Zeitschrift, Aufsatz)</subfield>
  </datafield>
  <datafield tag="999" ind1=" " ind2=" ">
   <subfield code="a">KXP-PPN1809077370</subfield>
   <subfield code="e">4162748365</subfield>
  </datafield>
 </record>
</collection>
